PLA Dilapidations Protocol supported by surveyors, but they're still revolting (Record no. 110267)

MARC details
000 -LEADER
fixed length control field 00861cad a22002175a 4500
001 - CONTROL NUMBER
control field E148857
008 - FIXED-LENGTH DATA ELEMENTS--GENERAL INFORMATION
fixed length control field 091117s2009 xxk f 000 0 eng d
035 ## - SYSTEM CONTROL NUMBER
System control number (Sirsi) u148857
041 0# - LANGUAGE CODE
Language code of text/sound track or separate title eng
050 04 - LIBRARY OF CONGRESS CALL NUMBER
Classification number 346.410434 $2 18
100 1# - MAIN ENTRY--PERSONAL NAME
Personal name Rowling, Jon
245 00 - TITLE STATEMENT
Title PLA Dilapidations Protocol supported by surveyors, but they're still revolting
Medium [electronic resource]
260 ## - PUBLICATION, DISTRIBUTION, ETC.
Place of publication, distribution, etc. [S.l.]
Name of publisher, distributor, etc. Property Litigation Association
Date of publication, distribution, etc. 2009
520 ## - SUMMARY, ETC.
Summary, etc. Discusses issues related to the PLA Dilpidations Protocol, including possible future changes which could improve the Protocol.
521 ## - TARGET AUDIENCE NOTE
Target audience note Advanced
590 ## - LOCAL NOTE (RLIN)
Local note KA
651 #4 - SUBJECT ADDED ENTRY--GEOGRAPHIC NAME
Geographic name England and Wales
Chronological subdivision 1543-
690 ## - LOCAL SUBJECT ADDED ENTRY--TOPICAL TERM (OCLC, RLIN)
Topical term or geographic name as entry element BUILT ENVIRONMENT-BUILDING SURVEYING-DILAPIDATIONS SURVEYING
856 40 - ELECTRONIC LOCATION AND ACCESS
Uniform Resource Identifier <a href="https://www.pla.org.uk/library/speakers_corner">https://www.pla.org.uk/library/speakers_corner</a>
Public note View the item free of charge at www.pla.org.uk...
942 ## - ADDED ENTRY ELEMENTS (KOHA)
Suppress in OPAC 0
Holdings
Withdrawn status Lost status Source of classification or shelving scheme Damaged status Not for loan Home library Current library Shelving location Date acquired Total Checkouts Full call number Barcode Date last seen Copy number Price effective from Koha item type
    Dewey Decimal Classification     Virtual Virtual Online 17/11/2009   ONLINE PUBLICATION 148857-2001 06/08/2019 1 06/08/2019 Book